00454nam a2200157 a 4500008004100000020001800041050001300059100002000072245005200092250001600144260002600160350001000186490001600196650004300212650004100255190516s2017 ||||||||||||||||| || u a9781292086934 aK 24 Sha aShaw, Julia J.A10aJurisprudence (2nd edition)cBy Julia J. A Shaw a2nd edition aHarlowbPearsonc2017 a52.08 aLaw Express aLAW--PHILOSOPHY--OUTLINES, SYLLABI ETC aJURISPRUDENCE--OUTLINES, SYLLABI ETC